Harry Potter - Sorts - Statistiques

Statistiques générales
  • Ce quiz a été pris 182 fois
    160 depuis la dernière actualisation
  • Le résultat moyen est 16 sur 31
Statistiques - réponses
Sortilèges Formule % Correct
Sortilège de Lumière Lumos
95%
Sortilège de Mort Avada Kedavra
92%
Maléfice de Stupéfixion Stupefix
92%
Sortilège d'Attraction Accio
86%
Il permet de faire léviter des objets et de les déplacer à l'envie Wingardium leviosa
86%
Sortilège du Patronus Spero Patronum
84%
Déverrouille les cadenas Alohomora
83%
Sortilège Doloris (sort Impardonnable) Endoloris
81%
Sortilège d'amnésie, il efface ou modifie la mémoire d'une personne Oubliettes
81%
Sortilège de réparation, il permet de réparer un objet Reparo
78%
Sortilège de Désarmement Expelliarmus
77%
Sortilège de réduction, il réduit la taille, le volume d'un objet Reducto
77%
Sortilège de l'Imperium (sort Impardonnable) Impero
67%
Charme du bouclier, il fait apparaître devant son auteur un bouclier magique Protego
66%
Il crée de profondes entailles dans le corps de la personne visée Sectumsempra
64%
Ce sortilège est utile pour vaincre un Épouvantard Riddikulus
53%
Maléfice Explosif Confingo / Bombarda
45%
Maléfice du Saucisson Petrificus Totalus
44%
Sortilège de Legilimancie (sert à pénétrer l'esprit de la personne visée) Legilimens
39%
Il augmente la taille de l'objet ou de l'animal visé Amplificatum
36%
Fait apparaître des flammes de la baguette Incendio
34%
Le sortilège fait apparaître un jet d'eau Aquamenti
30%
Maléfice de chatouillis, il provoque chez la cible une envie de rire incontrôlable Rictusempra
29%
Sortilège de Confusion Confundo
23%
Sortilège de Mutisme (est un enchantement magique qui rend muet la personne visée) Silencio
19%
Il permet de découper ou d'ouvrir toutes sortes de choses, y compris la peau Diffindo
18%
Sortilège d'Emprisonnement (est un sort permettant de sceller une porte) Collaporta
17%
Sort de métamorphose qui fait apparaître des cordes autour de la personne visée Incarcerem
17%
Sortilège d'Entrave (Il arrête ou ralentit la cible) Impedimenta
14%
Il permet de repousser la cible ou l'objet visé par une petite explosion Expulso
13%
Sortilège d'Extension Capacious extremis
2%
Aucun quiz correspondant
Distribution des résultats
% des personnes avec chaque résultat
Percentile par nombre de réponses
Votre historique - résultats
Vous n’avez pas pris ce quiz depuis la dernière actualisation